| Tag |
First Indicator |
Second Indicator |
Subfields |
| LEADER |
00000cam a2200000 a 4500 |
| 001 |
in00000553513 |
| 005 |
20151014051140.0 |
| 008 |
791031q19001935enkaf j 00011 eng d |
| 035 |
|
|
|a (OCoLC)05629853
|
| 035 |
|
|
|9 ACJ2633AM
|
| 040 |
|
|
|a IAI
|c IAI
|d m.c.
|d TXA
|d UtOrBLW
|
| 049 |
|
|
|a [Curr Col] TXAM
|c [1199741]
|
| 090 |
|
|
|a PZ7.R253
|b Adv 1900
|
| 100 |
1 |
|
|a Reed, Talbot Baines,
|d 1852-1893.
|
| 245 |
1 |
4 |
|a The adventures of a three guinea watch /
|c by Talbot Baines Reed.
|
| 264 |
|
1 |
|a London :
|b Religious Tract Society,
|c [between 1900 and 1935]
|
| 300 |
|
|
|a 340 pages, 4 unnumbered leaves of plates :
|b illustrations ;
|c 21 cm.
|
| 336 |
|
|
|a text
|b txt
|2 rdacontent
|
| 337 |
|
|
|a unmediated
|b n
|2 rdamedia
|
| 338 |
|
|
|a volume
|b nc
|2 rdacarrier
|
| 500 |
|
|
|a "...taken from the pages of The Boy's own paper."
|
| 710 |
2 |
|
|a Religious Tract Society (Great Britain)
|
| 999 |
|
|
|a MARS
|
| 999 |
f |
f |
|s c454b974-8519-32bf-a10b-49a0d9bd0a79
|i 987122fe-db16-33ec-81c4-da61adebcc5c
|t 0
|
| 952 |
f |
f |
|p normal
|a Texas A&M University
|b College Station
|c Sterling C. Evans Library
|d Evans: Library Stacks
|t 0
|e PZ7.R253 Adv 1900
|h Library of Congress classification
|i unmediated -- volume
|m A14808924530
|
| 998 |
f |
f |
|a PZ7.R253 Adv 1900
|t 0
|l Evans: Library Stacks
|